00570pab a2200193 454500008004000000100001700040245005900057260000900116300001500125362000800140650001900148650002000167650001200187773003600199908000600235909001100241999001900252952010500271180718b2013 xxu||||| |||| 00| 0 eng d aJha, Brajesh aHow important is off-farm income for farmers in India? c2013 ap.557-564. aJan aIncome - India aFarmers - India aFarmers aAgricultural Situation in India aN a102848 c102846d102846 00104070aIIPAbIIPAd2018-07-19hVolume no: 69, Issue no: 9pAR103308r2018-07-19w2018-07-19yAR